[Event "Challenge"]
[Site "http://www.queenalice.com/game.php?id=14443"]
[Date "2005.5.27"]
[Round "-"]
[White "gutopa"]
[Black "Fanvegeta"]
[Result "1-0"]
[WhiteElo "1469"]
[BlackElo "1344"]

1. e4 d5 2. e5 Nc6 3. d4 f5 4. c4 e6 5. Nh3 Qe7 6. Bg5 Qb4+ 7. Nd2 Qxb2 8. Nf3
Bb4+ 9. Nd2 Nxd4 10. Bd3 dxc4 11. Rb1 Qa3 12. O-O Bc3 13. Nxc4 Qxa2 14. Be3 Nc6
15. Qc1 Bxe5 16. Rb5 Qa4 17. f4 Qxb5 18. Nd6+ Bxd6 19. Bxb5 Bd7 20. Ng5 h6 21.
Nf3 O-O-O 22. Bxc6 Bxc6 23. Bxa7 g5 24. Nd4 Bd5 25. Nb5 Bb4 26. Qxc7# 1-0

[Event "Challenge"]
[Site "http://www.queenalice.com/game.php?id=14552"]
[Date "2005.5.28"]
[Round "-"]
[White "ayrton"]
[Black "Fanvegeta"]
[Result "1-0"]
[WhiteElo "1587"]
[BlackElo "1500"]

1. e4 d5 2. exd5 Qxd5 3. c4 Qd8 4. Nf3 Bf5 5. Nc3 Nc6 6. d4 e6 7. d5 Na5 8. a3
b6 9. b4 Nb7 10. Bg5 f6 11. Be3 Qd7 12. c5 b5 13. Bxb5 c6 14. Bxc6 Qxc6 15. dxc6
Nd8 16. Qd7# 1-0

[Event "Challenge"]
[Site "http://www.queenalice.com/game.php?id=14636"]
[Date "2005.5.29"]
[Round "-"]
[White "dnptrs"]
[Black "Fanvegeta"]
[Result "1-0"]
[WhiteElo "1916"]
[BlackElo "1252"]

1. d4 d5 2. Nf3 Bf5 3. e3 e6 4. Bb5+ c6 5. Bd3 Bd6 6. Bxf5 exf5 7. Qd3 g6 8. c4
Nf6 9. c5 Bc7 10. b4 O-O 11. a4 Na6 12. Qb3 Re8 13. O-O Bb8 14. b5 Nc7 15. bxc6
bxc6 16. Ne5 Ne6 17. Nxc6 Qc7 18. Nxb8 Ng4 19. f4 g5 20. Qxd5 Raxb8 21. Qxf5 Nh6
22. Qh3 Kg7 23. f5 Nd8 24. f6+ Kg6 25. g4 Re4 26. Qh5# 1-0

[Event "Challenge"]
[Site "http://www.queenalice.com/game.php?id=14711"]
[Date "2005.5.30"]
[Round "-"]
[White "alib2004"]
[Black "Fanvegeta"]
[Result "1-0"]
[WhiteElo "1687"]
[BlackElo "1237"]

1. e4 e5 2. Nf3 Nc6 3. Bc4 Bc5 4. O-O d6 5. d3 b6 6. Nc3 Bb7 7. Ng5 f6 8. Nf7
Qe7 9. Nxh8 O-O-O 10. Nf7 Rd7 11. Nxd6+ Rxd6 12. Bxg8 h6 13. Qg4+ Kd8 14. Be3
Nb4 15. Rac1 Bc8 16. Qg6 f5 17. Qf7 Rd7 18. Qxe7+ Rxe7 19. Bxc5 bxc5 20. a3 Re8
21. axb4 Rxg8 22. bxc5 fxe4 23. Nxe4 Rf8 24. b4 Bb7 25. b5 Bd5 26. c4 Be6 27. c6
Rf4 28. g3 Rf3 29. Rc3 Bh3 30. Re1 Ke7 31. Re3 Rf5 32. Ra3 1-0

[Event "Challenge"]
[Site "http://www.queenalice.com/game.php?id=14712"]
[Date "2005.5.30"]
[Round "-"]
[White "Fanvegeta"]
[Black "alib2004"]
[Result "0-1"]
[WhiteElo "1220"]
[BlackElo "1667"]

1. d4 c5 2. d5 d6 3. e4 Nf6 4. f3 e6 5. Nd2 exd5 6. exd5 Nxd5 7. Nc4 Be6 8. b3
Be7 9. Bb2 O-O 10. Qd3 Nc6 11. f4 Nxf4 12. Qg3 Bh4 13. Qxh4 Nxg2+ 14. Bxg2 Qxh4+
15. Kd2 Bxc4 16. Bxc6 bxc6 17. Nf3 Qf2+ 18. Kc1 Qxf3 19. Rg1 Qe3+ 20. Kd1 Qxg1+
21. Kd2 Qf2+ 22. Kc3 Qe3+ 23. Kxc4 d5# 0-1

[Event "Challenge"]
[Site "http://www.queenalice.com/game.php?id=14812"]
[Date "2005.5.31"]
[Round "-"]
[White "chaves"]
[Black "Fanvegeta"]
[Result "0-1"]
[WhiteElo "963"]
[BlackElo "1200"]

1. h4 d5 2. g4 Bxg4 3. f3 Bd7 4. b4 e6 5. a4 Bxb4 6. c3 Bc5 7. d4 Bd6 8. e3 Nf6
9. Bh3 Nh5 10. Ne2 O-O 11. Rf1 Qxh4+ 12. Ng3 Bxg3+ 13. Ke2 Qxh3 14. Rg1 Bxa4 15.
Qxa4 Qh2+ 16. Kf1 Qf2# 0-1

[Event "Challenge"]
[Site "http://www.queenalice.com/game.php?id=14885"]
[Date "2005.5.31"]
[Round "-"]
[White "Catalin"]
[Black "Fanvegeta"]
[Result "1-0"]
[WhiteElo "1772"]
[BlackElo "1237"]

1. e4 e5 2. Nf3 d6 3. d4 Nc6 4. dxe5 Be6 5. exd6 cxd6 6. Bf4 Qd7 7. Bd3 O-O-O 8.
O-O Nge7 9. a3 d5 10. exd5 Bxd5 11. Nc3 g6 12. Nxd5 Nxd5 13. Bg3 Re8 14. Re1 Bd6
15. Bxd6 Qxd6 16. Qd2 Re6 17. Ng5 Re5 18. Nxf7 Rxe1+ 19. Rxe1 Qf6 20. Nxh8 Qxh8
21. c3 Qd8 22. Qe2 Nf4 23. Qg4+ Qd7 24. Qxf4 b6 25. Bb5 Qf5 26. Qxf5+ 1-0

[Event "Challenge"]
[Site "http://www.queenalice.com/game.php?id=14994"]
[Date "2005.6.2"]
[Round "-"]
[White "pedrinhoIII"]
[Black "Fanvegeta"]
[Result "1-0"]
[WhiteElo "1425"]
[BlackElo "1252"]

1. e4 d5 2. exd5 Qxd5 3. Nc3 Qa5 4. a3 Nc6 5. b3 Bf5 6. Bb5 O-O-O 7. Qf3 e6 8.
Bxc6 bxc6 9. b4 Qe5+ 10. Nge2 Bxc2 11. Qxc6 Ne7 12. Qf3 Rd3 13. Qe4 Ng6 14. f3
f5 15. Qc6 f4 16. Na4 Qxa1 17. Nc5 Ne5 18. Qa8# 1-0

[Event "Challenge"]
[Site "http://www.queenalice.com/game.php?id=14999"]
[Date "2005.6.2"]
[Round "-"]
[White "Fanvegeta"]
[Black "araujoime"]
[Result "1-0"]
[WhiteElo "1220"]
[BlackElo "987"]

1. d4 e6 2. Bf4 Nh6 3. e3 Bb4+ 4. c3 Ba5 5. b4 g5 6. Be5 d6 7. Bxh8 Bb6 8. Bd3
Ke7 9. Bg7 Nf5 10. Bxf5 exf5 11. Nf3 g4 12. Ng5 h6 13. Bxh6 Qh8 14. Nxf7 Qh7 15.
Bf4 Kxf7 16. Nd2 Qh4 17. O-O Nd7 18. a4 c5 19. a5 Bd8 20. Nc4 Nf6 21. Bxd6 cxb4
22. Ne5+ Ke6 23. Ng6 Kxd6 24. Nxh4 bxc3 25. Qd3 Nd5 26. Nxf5+ Ke6 27. e4 Nf4 28.
d5+ Kf6 29. Qd4+ Kg5 30. h4+ Kg6 31. Qg7+ Kh5 32. Qh6# 1-0

[Event "Marison X Fanvegeta"]
[Site "http://www.queenalice.com/game.php?id=15029"]
[Date "2005.6.2"]
[Round "-"]
[White "marison"]
[Black "Fanvegeta"]
[Result "1-0"]
[WhiteElo "1513"]
[BlackElo "1214"]

1. e4 d5 2. exd5 Qxd5 3. Nf3 e6 4. Nc3 Qa5 5. Bd3 c6 6. O-O Bd6 7. Be4 Nf6 8.
Re1 O-O 9. d4 Nbd7 10. Bd2 Qb6 11. Rb1 Bb8 12. Bg5 Qc7 13. Ne5 b5 14. Nxd7 Bxd7
15. Bxf6 b4 16. Be5 Qb6 17. Na4 Qa5 18. Nc5 f6 19. Nxd7 Rd8 20. Nxf6+ gxf6 21.
Bxf6 Rc8 22. Qg4+ Kf7 23. Qg7+ Ke8 24. Qe7# 1-0

[Event "Challenge"]
[Site "http://www.queenalice.com/game.php?id=15722"]
[Date "2005.6.9"]
[Round "-"]
[White "jordancavalera"]
[Black "Fanvegeta"]
[Result "0-1"]
[WhiteElo "1547"]
[BlackElo "1223"]

1. e4 e5 2. Nf3 Bc5 3. d4 exd4 4. Nxd4 Nf6 5. Bd3 Bxd4 6. c3 Be5 7. Nd2 O-O 8.
Nc4 Re8 9. Nxe5 Rxe5 10. Bf4 Re6 11. O-O d5 12. exd5 Rb6 13. Qd2 Na6 14. Rae1
Nxd5 15. Bg5 f6 16. Bh4 g5 17. Bg3 Re6 18. Bc4 c6 19. h4 b5 20. Bb3 Nc5 21. Qd4
Qb6 22. Bxd5 cxd5 23. Qxd5 Bb7 24. Qf5 Rae8 25. b4 Ne4 26. hxg5 fxg5 27. Re2
Nxc3 28. Rc2 Qc6 29. Qxg5+ Rg6 30. Qxg6+ Qxg6 31. Rxc3 Ba8 32. Rc7 Qe4 33. f3
Qe3+ 34. Bf2 Qf4 35. Rxa7 Bc6 36. Ra6 Re6 37. Re1 Rh6 38. Re7 Qh2+ 39. Kf1 Qh1+
40. Bg1 Rg6 41. Re2 Rd6 42. Rb6 Rd1+ 43. Re1 Rd2 44. Rb8+ Kf7 45. Re2 Rxe2 46.
Kxe2 Qxg2+ 47. Bf2 Qxf3+ 48. Kf1 Qh3+ 49. Ke2 Kf6 50. Rb6 Qf3+ 51. Kf1 Ke5 52.
Rb8 h5 53. Rh8 Ke4 54. Rxh5 Qxh5 0-1

[Event "Let's Play Chess!"]
[Site "http://www.queenalice.com/game.php?id=16569"]
[Date "2005.6.16"]
[Round "-"]
[White "Fanvegeta"]
[Black "Pancho"]
[Result "0-1"]
[WhiteElo "1237"]
[BlackElo "1454"]

1. d4 d5 2. Bf4 Nf6 3. e3 Bf5 4. Nf3 Bg4 5. h3 Bxf3 6. gxf3 e6 7. Nc3 a6 8. Rg1
h6 9. Bd3 Bd6 10. Rxg7 Bxf4 11. exf4 Rg8 12. Rxg8+ Nxg8 13. f5 Qg5 14. Qd2 Qxd2+
15. Kxd2 Nc6 16. fxe6 fxe6 17. Bg6+ Kd7 18. Re1 Nxd4 19. Kd3 Nxf3 20. Re3 Ng5
21. h4 Ne7 22. Bh5 Nh7 23. Bg4 Nf8 24. Kd4 Nc6+ 25. Kd3 d4 26. Re4 dxc3 27. Kxc3
Re8 28. Bh5 Re7 29. Rf4 Nh7 30. Rf3 Rg7 31. Kc4 Ne5+ 32. Kd4 Nxf3+ 33. Bxf3 c6
34. Ke5 Rf7 35. Bg4 Nf8 36. f4 Ng6+ 0-1

[Event "Let's Play Chess!"]
[Site "http://www.queenalice.com/game.php?id=17919"]
[Date "2005.6.30"]
[Round "-"]
[White "serginh0w"]
[Black "Fanvegeta"]
[Result "0-1"]
[WhiteElo "1220"]
[BlackElo "1250"]

1. Nc3 d5 2. e4 dxe4 3. Nxe4 Bf5 4. Qf3 e6 5. d4 Bb4+ 6. Bd2 Nc6 7. Bb5 Ne7 8.
Ng5 O-O 9. a3 Bxd2+ 10. Kxd2 h6 11. Ne4 Nxd4 12. Qe3 Bg6 13. Nf3 Ndf5+ 14. Qd3
c6 15. Bc4 Nd6 16. Ke3 Nxe4 17. Rhd1 Qb6+ 18. Kf4 Qc7+ 19. Ne5 f6 20. Bxe6+ Kh7
21. Qf3 Ng5 22. Qb3 Qxe5+ 0-1

[Event "Let's Play Chess!"]
[Site "http://www.queenalice.com/game.php?id=19126"]
[Date "2005.7.11"]
[Round "-"]
[White "Fanvegeta"]
[Black "modestyblase"]
[Result "0-1"]
[WhiteElo "1273"]
[BlackElo "1750"]

1. d4 d5 2. Bf4 e6 3. e3 c5 4. Nf3 a6 5. Be2 Nc6 6. O-O Nf6 7. Nbd2 b5 8. c3 c4
9. b3 Bd6 10. Bxd6 Qxd6 11. b4 e5 12. dxe5 Nxe5 13. Nxe5 Qxe5 14. f4 Qxe3+ 15.
Rf2 Qxc3 16. Rb1 Bf5 17. Rf3 Qd4+ 18. Kf1 Bxb1 19. Nxb1 Qxd1+ 20. Bxd1 d4 21.
Rg3 O-O 22. Bf3 Ra7 23. Bd1 Nd5 24. f5 Nxb4 25. f6 g6 26. Kf2 Nxa2 0-1

[Event "Challenge"]
[Site "http://www.queenalice.com/game.php?id=19272"]
[Date "2005.7.13"]
[Round "-"]
[White "jordancavalera"]
[Black "Fanvegeta"]
[Result "0-1"]
[WhiteElo "1514"]
[BlackElo "1283"]

1. e4 e5 2. Nf3 Nc6 3. Nc3 Bc5 4. d3 d6 5. Nd5 Nge7 6. Bg5 f6 7. Bh4 g5 8. Bg3
Be6 9. c4 Bxd5 10. cxd5 Nd4 11. Rc1 Bb4+ 12. Nd2 Qd7 13. a3 Ba5 14. Qh5+ Ng6 15.
b4 Bb6 16. Nc4 Nb3 17. Rb1 Nd4 18. f3 O-O-O 19. Be2 Nc2+ 20. Kd1 Ne3+ 21. Nxe3
Bxe3 22. h4 Qa4+ 23. Ke1 Nf4 24. Qg4+ Kb8 25. hxg5 Rhg8 26. Rxh7 Rh8 27. g6 Rxh7
28. gxh7 Rh8 29. Qg7 Qe8 30. Bf2 Nh5 31. Qg4 Rxh7 32. Bxe3 Rg7 33. Qf5 Rxg2 34.
d4 a6 35. dxe5 Rxe2+ 36. Kd1 Rxe3 37. e6 Rxa3 38. Kc2 Qa4+ 39. Kc1 Rc3+ 40. Kd2
Qc2+ 41. Ke1 Qxb1+ 42. Ke2 Qd3+ 43. Kf2 Qd2+ 44. Kg1 Rc1# 0-1

[Event "Let's Play Chess!"]
[Site "http://www.queenalice.com/game.php?id=23716"]
[Date "2005.8.11"]
[Round "-"]
[White "Fanvegeta"]
[Black "CptBafos"]
[Result "0-1"]
[WhiteElo "1313"]
[BlackElo "1313"]

1. d4 d5 2. Bf4 Nc6 3. e3 Bf5 4. Bd3 e6 5. Nf3 Bb4+ 6. c3 Bd6 7. O-O Bxf4 8.
exf4 Bg4 9. Nbd2 Qd6 10. g3 Nf6 11. Nb3 Ne4 12. Bxe4 dxe4 13. h3 Bxf3 0-1

[Event "Let's Play Chess!"]
[Site "http://www.queenalice.com/game.php?id=23717"]
[Date "2005.8.12"]
[Round "-"]
[White "KyoteeSun"]
[Black "Fanvegeta"]
[Result "0-1"]
[WhiteElo "1291"]
[BlackElo "1273"]

1. e4 e5 2. Qf3 Bc5 3. Bc4 Nh6 4. d4 Bxd4 5. Bxh6 O-O 6. Be3 d6 7. Nh3 Nc6 8.
Ng5 Bxb2 9. Bxf7+ Kh8 10. Qh3 Bxh3 11. gxh3 Bxa1 12. f4 exf4 13. Bxf4 Qe7 14.
Bd5 Rxf4 15. Rf1 Rxf1+ 16. Kxf1 Qxg5 17. c3 Rf8+ 18. Ke2 Ne5 19. Nd2 Bxc3 20.
Nf3 Rxf3 21. h4 Qxh4 22. a4 Qxh2+ 23. Kd1 Rf1# 0-1

[Event "Let's Play Chess!"]
[Site "http://www.queenalice.com/game.php?id=23719"]
[Date "2005.8.12"]
[Round "-"]
[White "moepp"]
[Black "Fanvegeta"]
[Result "1-0"]
[WhiteElo "1717"]
[BlackElo "1296"]

1. e4 e5 2. Nf3 Nc6 3. Bc4 d6 4. c3 g6 5. d4 Bg7 6. O-O Nf6 7. dxe5 Nxe4 8. Re1
Bf5 9. Bd5 O-O 10. Bxe4 Bxe4 11. Rxe4 dxe5 12. Qb3 Qd3 13. Re1 Rad8 14. Qxb7 Rd6
15. Nbd2 Bh6 16. Ne4 Bxc1 17. Raxc1 f5 18. Nxd6 Qxd6 19. Rcd1 Qc5 20. Qxc7 a5
21. Rd7 Qc4 22. Rg7+ Kh8 23. Rxh7+ 1-0

[Event "Let's Play Chess!"]
[Site "http://www.queenalice.com/game.php?id=27746"]
[Date "2005.9.8"]
[Round "-"]
[White "stamm"]
[Black "Fanvegeta"]
[Result "1-0"]
[WhiteElo "1441"]
[BlackElo "1296"]

1. e4 e5 2. Qh5 Nc6 3. Bc4 Nh6 4. d3 g6 5. Qf3 Nd4 6. Qd1 Bg7 7. c3 Nc6 8. Qf3
O-O 9. Nh3 Na5 10. O-O Nxc4 11. dxc4 a6 12. a4 d6 13. Qe2 Bxh3 14. gxh3 Qe8 15.
Qd3 b5 16. b3 Rb8 17. Na3 1-0